| 000 | 00717nam a22002297a 4500 | ||
|---|---|---|---|
| 003 | LK-CoMWRAF | ||
| 005 | 20240330181339.0 | ||
| 008 | 240330b2001 |||||||| |||| 00| 0 eng d | ||
| 020 | _a9558464228 | ||
| 040 |
_aLK-CoMWRAF _dLK-CoMWRAF _eLK-CoMWRAF |
||
| 041 | _atam | ||
| 082 |
_a894.81 _bDIA |
||
| 100 |
_a டயஸ், சிட்னி மாகஸ் _v Dias, Sidney Marcus |
||
| 245 | _aவெற்றிக் குருவி | ||
| 246 | _aVeṟṟik kuruvi | ||
| 260 |
_aAnamaduwa: _bThothenna, _c2001 |
||
| 300 | _a23 p. | ||
| 650 | _aCHILDREN'S FICTION | ||
| 650 | _aSinhala Fiction- Tamil translations | ||
| 700 |
_a மபூப், முஹம்மது _yMuhammadu _etrans. |
||
| 942 | _cBK | ||
| 999 |
_c4874 _d4874 |
||